[Event "Bezmerov 2014 - Open A"]
[Site "Bezmerov"]
[Date "2014.07.17"]
[Round "1"]
[White "Stalmach, Richard"]
[Black "Szuscikova, Natalie"]
[Result "1-0"]
[WhiteElo "1601"]
[BlackElo "1161"]
[LiveChessVersion "1.4.2"]

1. d4 d5 2. c4 c6 3. Nc3 Nf6 4. Nf3 e6 5. e3 Be7 6. Bd3 O-O 7. O-O Bd7 8. Re1
Bb4 9. a3 Bxc3 10. bxc3 Re8 11. Qc2 h6 12. Nd2 e5 13. e4 exd4 14. cxd4 dxc4
15. Nxc4 b5 16. Nd6 Re6 17. e5 Ng4 18. a4 Qe7 19. Ba3 b4 20. Bxb4 Na6 21. Bxa6
Rb8 22. Bc5 Qh4 23. h3 Nxf2 24. Qxf2 Qxf2+ 25. Kxf2 Rb2+ 26. Kf3 Rb3+ 27. Ke4
Rb2 28. Bc4 Rg6 29. Bxf7+ Kh7 30. Bxg6+ Kxg6 31. Bxa7 Be6 32. a5 Bd5+ 33. Kd3
Rb3+ 34. Kc2 Rg3 35. e6 Rxg2+ 36. Kc3 Rg3+ 37. Kb4 Rxh3 38. Ra3 Rh4 39. e7 Bf7
40. Rg3+ Kh5 41. Re5+ 1-0

[Event "Bezmerov 2014 - Open A"]
[Site "Bezmerov"]
[Date "2014.07.17"]
[Round "1"]
[White "Fizerova, Lucie"]
[Black "Odstrcil, Lukas"]
[Result "0-1"]
[WhiteElo "1152"]
[BlackElo "1585"]
[LiveChessVersion "1.4.2"]

1. e4 e6 2. d4 d5 3. e5 c5 4. c3 Nc6 5. Nf3 f6 6. Be2 Qb6 7. dxc5 Bxc5 8. O-O
fxe5 9. b4 Bd6 10. Bd3 e4 11. Ng5 exd3 12. Qh5+ g6 13. Qf3 Qc7 14. Re1 Qe7
15. Qxd3 Nf6 16. Qe2 e5 17. Nf3 Bg4 18. h3 Bxf3 19. Qxf3 O-O 20. Bh6 Rf7 21. Qe3
d4 22. cxd4 Nxd4 23. Rc1 Qd7 24. Nc3 Rc8 25. f4 Qf5 26. Rd1 Nc2 27. Qe2 Nxa1
28. Rxd6 Re7 29. Rd3 e4 30. Re3 Rec7 31. Qd2 Rd7 32. Qb2 Nd5 33. Nxd5 Qxd5
34. Qxa1 Qd1+ 35. Qxd1 Rxd1+ 36. Kf2 Rc2+ 37. Kg3 Rd3 38. Rxd3 exd3 39. Kf3 Rxa2
40. Ke3 Rxg2 41. Kxd3 Rg3+ 42. Kc4 Rxh3 43. Bg5 h5 44. Kd5 h4 45. Kd6 Rh1
46. Kc7 b6 47. Kb7 a5 48. Kxb6 axb4 49. Bf6 h3 50. Kc5 h2 51. Kxb4 Rb1+ 52. Kc5
h1=Q 53. Kd4 Rd1+ 54. Ke5 Qh5+ 55. Bg5 Qe2+ 56. Kf6 Rd6# 0-1

[Event "Bezmerov 2014 - Open A"]
[Site "Bezmerov"]
[Date "2014.07.17"]
[Round "1"]
[White "Gresova, Zuzana"]
[Black "Janotka, Jakub"]
[Result "1-0"]
[WhiteElo "1581"]
[BlackElo "1131"]
[LiveChessVersion "1.4.2"]

1. e4 e5 2. Nf3 Nc6 3. d4 exd4 4. Nxd4 d5 5. Bb5 Qd6 6. exd5 Qxd5 7. Nxc6 Qe6+
8. Qe2 Qxe2+ 9. Kxe2 bxc6 10. Bxc6+ Kd8 11. Bxa8 Ba6+ 12. Kf3 Bc5 13. Nc3 Nf6
14. Bg5 Bd6 15. Rad1 Kd7 16. Bxf6 gxf6 17. Bd5 Rf8 18. Ne4 f5 19. Nxd6 cxd6
20. Kf4 Re8 21. Rhe1 Rxe1 22. Rxe1 Bb5 23. Bxf7 a6 24. a4 Bxa4 25. Be8+ Kd8
26. Bxa4 d5 27. Kxf5 d4 28. Ke6 d3 29. Kd6 Kc8 30. cxd3 h5 31. Re7 a5 32. Rc7+
Kd8 33. Bd7 h4 34. Rc8# 1-0

[Event "Bezmerov 2014 - Open A"]
[Site "Bezmerov"]
[Date "2014.07.17"]
[Round "1"]
[White "Seleng, Tomas"]
[Black "Gnojek, Petr"]
[Result "0-1"]
[WhiteElo "1130"]
[BlackElo "1568"]
[LiveChessVersion "1.4.2"]

1. e4 c5 2. Nf3 d6 3. Bc4 Nf6 4. d3 g6 5. Nc3 Bg7 6. O-O O-O 7. Bg5 Nbd7 8. Bb5
a6 9. Bxd7 Bxd7 10. Nd5 Nxd5 11. exd5 h6 12. Bf4 g5 13. Bg3 b5 14. c3 Rb8 15. d4
c4 16. b3 Qc7 17. Re1 Rfe8 18. Qc1 Qb7 19. bxc4 bxc4 20. Qa3 Bb5 21. Nd2 Qxd5
22. Rab1 Bc6 23. f3 Rxb1 24. Rxb1 Bxd4+ 25. cxd4 Qxd4+ 26. Bf2 Qxd2 27. Be1 Qd3
28. Qxd3 cxd3 29. Rd1 Bb5 30. Bd2 Rc8 31. Re1 Kf8 32. g4 Rc2 33. Rd1 Rxa2 34. f4
Ba4 35. Rb1 Rxd2 36. fxg5 hxg5 37. Rb8+ Kg7 38. Kf1 Rxh2 39. Ra8 d2 40. Kg1 Re2
41. Rg8+ Kxg8 42. Kf1 d1=Q# 0-1

[Event "Bezmerov 2014 - Open A"]
[Site "Bezmerov"]
[Date "2014.07.17"]
[Round "1"]
[White "Demko, Robert"]
[Black "Sosovickova, Jana"]
[Result "1-0"]
[WhiteElo "1536"]
[BlackElo "1116"]
[LiveChessVersion "1.4.2"]

1. d4 d5 2. c4 c6 3. cxd5 cxd5 4. Nc3 Nf6 5. Bg5 e6 6. e3 h6 7. Bh4 Be7 8. Bd3
Nc6 9. Nf3 Nb4 10. Be2 O-O 11. a3 Nc6 12. O-O Ng4 13. Bg3 Bd6 14. Bxd6 Qxd6
15. h3 Nf6 16. b4 e5 17. Nb5 Qe7 18. dxe5 Nxe5 19. Nxe5 Qxe5 20. Qd4 Qg5 21. Kh1
Bf5 22. Nc7 Rad8 23. Qxa7 Be4 24. f3 Nh5 25. fxe4 Ng3+ 26. Kh2 Nxf1+ 27. Bxf1
Qe5+ 28. Kg1 Qxa1 29. Nxd5 Ra8 30. Qxb7 Qxa3 31. Qc7 Qa7 32. Qf4 Qb8 33. Qf3 Re8
34. Qg4 Qe5 35. h4 h5 36. Qh3 f5 37. Qxf5 Qxf5 38. exf5 Re5 39. Bc4 Ra1+ 40. Kh2
Re4 41. Nf6+ Kf8 42. Nxe4 Re1 43. Ng3 Rxe3 44. Bd5 Ke7 45. Bc6 Kf6 46. b5 Rb3
47. Nxh5+ Kxf5 48. Nxg7+ Kg4 49. h5 Kg5 50. Be8 Rb4 51. g3 Kh6 52. Nf5+ Kh7
53. h6 Re4 54. Bc6 Re5 55. g4 Re6 56. Kg3 Kg6 57. Kf4 Kh7 58. Kg5 Rg6+ 59. Kh5
Re6 60. g5 Kh8 61. g6 Rf6 62. Kg5 Re6 63. h7 Rxc6 64. g7+ Kxh7 65. bxc6 Kg8
66. c7 Kh7 67. Kh5 Kg8 68. c8=Q+ Kf7 69. Qd7+ Kf6 70. Qe7+ Kxf5 71. g8=Q Kf4
72. Qgf8+ Kg3 73. Qg5+ Kh3 74. Qf1+ Kh2 75. Qgg2# 1-0

[Event "Bezmerov 2014 - Open A"]
[Site "Bezmerov"]
[Date "2014.07.17"]
[Round "1"]
[White "Tajovsky, Simon"]
[Black "Vavrinkova, Eliska"]
[Result "0-1"]
[WhiteElo "1114"]
[BlackElo "1472"]
[LiveChessVersion "1.4.2"]

1. d4 d5 2. c4 c6 3. Nc3 Nf6 4. Nf3 e6 5. Bg5 Nbd7 6. e3 Be7 7. Bd3 O-O 8. O-O
b6 9. Qc2 h6 10. Bh4 Bb7 11. Qe2 c5 12. Nb5 a6 13. Nc3 dxc4 14. Bxc4 b5 15. Bd3
c4 16. Bc2 Nd5 17. Bg3 N7b6 18. e4 Nb4 19. Rad1 Nxc2 20. Qxc2 Bd6 21. Bh4 Qc7
22. Bg3 Bxg3 23. hxg3 b4 24. Na4 Bxe4 25. Qxe4 Nxa4 26. b3 Nc3 27. Qc2 Nxd1
28. Rxd1 Rac8 29. Rc1 Qb7 30. bxc4 a5 31. c5 Qb5 32. c6 Rfd8 33. c7 Rd7 34. Kh2
Qb6 35. Qb1 Rdxc7 36. Rxc7 Qxc7 37. Qd3 Qc3 38. Qe4 b3 39. axb3 Qxb3 40. Ne5 a4
41. Qf4 Qb7 42. Qd2 a3 43. Qa2 Qb2 44. Qxb2 axb2 0-1

[Event "Bezmerov 2014 - Open A"]
[Site "Bezmerov"]
[Date "2014.07.17"]
[Round "1"]
[White "Mica, Marek"]
[Black "Cerna, Tereza"]
[Result "1-0"]
[WhiteElo "1457"]
[BlackElo "1100"]
[LiveChessVersion "1.4.2"]

1. d4 d5 2. c4 e6 3. Nc3 Nf6 4. Nf3 Nc6 5. Bg5 Be7 6. e3 Ne4 7. Bxe7 Nxe7
8. Nxe4 dxe4 9. Nd2 Bd7 10. Nxe4 Bc6 11. Nd2 O-O 12. Nf3 Qd6 13. Be2 Bxf3
14. Bxf3 Rad8 15. O-O Rd7 16. Qa4 c6 17. c5 Qc7 18. b4 b5 19. cxb6 axb6 20. Rfc1
c5 21. bxc5 bxc5 22. Rxc5 Qd6 23. Rac1 Rb7 24. Bxb7 Qb6 25. Qd7 Ng6 26. Rc8 Qb2
27. g3 Qxa2 28. Rxf8+ Nxf8 29. Qe8 h6 30. Rc8 Qa1+ 31. Kg2 Kh7 32. Qxf8 f6
33. Rc7 Kg6 34. Be4+ f5 35. Qf7+ Kg5 36. h4+ Kg4 37. f3# 1-0

[Event "Bezmerov 2014 - Open A"]
[Site "Bezmerov"]
[Date "2014.07.17"]
[Round "1"]
[White "Cerny, Michal"]
[Black "Tajovsky, Matej"]
[Result "0-1"]
[WhiteElo "1100"]
[BlackElo "1447"]
[LiveChessVersion "1.4.2"]

1. e4 c5 2. Nf3 d6 3. Bb5+ Bd7 4. Bxd7+ Qxd7 5. d3 Nf6 6. Bg5 h6 7. Be3 e6
8. O-O Be7 9. Nc3 Nc6 10. Qd2 a6 11. a3 b5 12. Rfe1 O-O 13. b3 Qb7 14. d4 cxd4
15. Nxd4 Rfc8 16. Nf3 b4 17. axb4 Nxb4 18. Na2 Nxc2 19. Rab1 Nxe4 20. Qe2 Nxe1
21. Nxe1 Nc3 22. Nxc3 Rxc3 23. Qf3 d5 24. b4 Rac8 25. Qg3 d4 26. Qf3 Qxf3
27. Nxf3 dxe3 28. fxe3 Bg5 29. Nxg5 hxg5 30. Kf2 Rc2+ 31. Kf3 f5 32. b5 R8c3
33. b6 e5 34. h3 e4+ 35. Kg3 Rxe3+ 36. Kh2 Rc8 37. b7 Rb8 38. Kg1 a5 39. Kf2 Rd3
40. Ke2 a4 41. Ra1 Rxb7 42. Rxa4 Rb2+ 43. Ke1 Rc3 44. Kd1 e3 45. Ra1 e2+ 46. Ke1
Rc4 47. Kf2 Re4 48. Ke1 Rf4 49. Ra8+ Kh7 50. g3 Rf1# 0-1

[Event "Bezmerov 2014 - Open A"]
[Site "Bezmerov"]
[Date "2014.07.17"]
[Round "2"]
[White "Slaba, Andrea"]
[Black "Stalmach, Richard"]
[Result "1-0"]
[WhiteElo "1331"]
[BlackElo "1601"]
[LiveChessVersion "1.4.2"]

1. c4 f5 2. Nc3 Nf6 3. d4 g6 4. g3 Bg7 5. Bg2 O-O 6. Nf3 d6 7. O-O Qe8 8. d5 c6
9. dxc6 bxc6 10. Re1 Na6 11. e4 fxe4 12. Nxe4 Nxe4 13. Rxe4 Bf5 14. Re1 Rd8
15. Qe2 e5 16. Bg5 Bf6 17. Bxf6 Rxf6 18. Nh4 Be6 19. b3 g5 20. Nf3 h6 21. Nd2
Nb4 22. Ne4 Rf8 23. Rad1 d5 24. cxd5 cxd5 25. Nc5 e4 26. a3 Nc6 27. f3 Ne5
28. Nxe6 Qxe6 29. fxe4 d4 30. Qb2 d3 31. Rd2 Qb6+ 32. Kh1 Nc4 33. bxc4 Qxb2
34. Rxb2 d2 35. Rd1 Rf2 36. Kg1 Re2 37. Kf1 Re1+ 38. Rxe1 Rf8+ 39. Ke2 dxe1=Q+
40. Kxe1 Rc8 41. Rc2 Kf7 42. Ke2 Kf6 43. Ke3 Ke5 44. c5 h5 45. c6 h4 46. gxh4
gxh4 47. c7 a5 48. Bh3 Rxc7 49. Rxc7 a4 50. Rc5+ Kd6 51. Rc4 Ke5 52. Rxa4 Kd6
53. Kd4 Kc6 54. Rc4+ Kb5 55. a4+ Ka5 56. e5 Kb6 57. e6 Kb7 58. e7 Kb6 59. e8=Q
Kb7 60. Qc8+ Kb6 61. Rb4+ Ka5 62. Qc5+ Ka6 63. Qb6# 1-0

[Event "Bezmerov 2014 - Open A"]
[Site "Bezmerov"]
[Date "2014.07.17"]
[Round "2"]
[White "Odstrcil, Lukas"]
[Black "Jancik, Radim"]
[Result "0-1"]
[WhiteElo "1585"]
[BlackElo "1335"]
[LiveChessVersion "1.4.2"]

1. e4 e5 2. Nf3 Nc6 3. d4 exd4 4. Nxd4 Bc5 5. Be3 Qf6 6. c3 Nge7 7. Be2 O-O
8. O-O Re8 9. Bf3 a6 10. Qd2 h6 11. b4 Ba7 12. Na3 d6 13. b5 Ne5 14. Be2 Qg6
15. f3 f5 16. Bd3 Nxd3 17. Qxd3 fxe4 18. fxe4 Rb8 19. Rf2 Bb6 20. Raf1 axb5
21. Ndxb5 Bxe3 22. Qxe3 Nd5 23. Qd3 Qxe4 24. Qxe4 Rxe4 25. c4 Nf6 26. Nxc7 Be6
27. Nxe6 Rxe6 28. Rd2 Rc8 29. Rfd1 Ne8 30. Rd4 Re2 31. R1d2 Rxd2 32. Rxd2 Rc5
33. Rd5 Rxd5 34. cxd5 Nc7 35. Nc4 Nxd5 36. Nxd6 b6 37. Kf2 Kf8 38. a3 Ke7
39. Nf5+ Kf6 40. Nd4 Ke5 41. Nc2 Ke4 42. h3 Kd3 43. Ne1+ Kc3 44. Nf3 Kb3
45. Nd4+ Kxa3 46. Nf5 g6 47. Nxh6 b5 48. Ng4 b4 49. Ne5 b3 50. Nd3 Nf4 51. Nxf4
b2 52. Nxg6 b1=Q 53. Nf4 Qb6+ 54. Kg3 Qe3+ 55. Kg4 Ka4 56. h4 Qe8 57. g3 Kb4
58. h5 Kc5 59. h6 Qg8+ 60. Kh4 Kd6 61. g4 Ke5 62. Ng2 Qg6 63. Kg3 Qxh6 64. Kf2
Ke4 65. Kg3 Qd6+ 66. Kf2 Qf6+ 67. Kg3 Qf3+ 68. Kh2 Qxg4 69. Kh1 Kf3 70. Ne1+ Kf2
71. Nd3+ Kf1 72. Ne1 Qg1# 0-1

[Event "Bezmerov 2014 - Open A"]
[Site "Bezmerov"]
[Date "2014.07.17"]
[Round "2"]
[White "Janotka, Oldrich"]
[Black "Gresova, Zuzana"]
[Result "0-1"]
[WhiteElo "1278"]
[BlackElo "1581"]
[LiveChessVersion "1.4.2"]

1. e4 c5 2. d4 cxd4 3. c3 dxc3 4. Nxc3 e6 5. Bc4 a6 6. Nf3 Nc6 7. O-O Nge7
8. Qe2 Ng6 9. Rd1 Be7 10. e5 Qc7 11. Bg5 Bxg5 12. Nxg5 Qxe5 13. Qxe5 Ngxe5
14. Bb3 d5 15. Rac1 Na5 16. f4 Nxb3 17. axb3 Nc6 18. Re1 O-O 19. Nf3 Bd7 20. Ne5
Nxe5 21. fxe5 Rac8 22. Red1 h6 23. Na4 Bxa4 24. bxa4 b5 25. axb5 axb5 26. b4 Rc4
27. Rxc4 bxc4 28. Kf2 Rb8 29. Rb1 c3 30. Ke3 c2 31. Rc1 Rxb4 32. Rxc2 Re4+
33. Kf3 Rxe5 34. Re2 Rxe2 35. Kxe2 f5 36. Ke3 e5 37. g3 Kf7 38. h3 Ke6 39. Kd3
g5 40. Ke3 d4+ 41. Kd3 Kd5 42. Kc2 e4 43. Kb3 e3 44. Ka3 e2 45. Ka2 e1=Q 46. Ka3
Qb1 47. Ka4 Kc4 48. Ka5 Qb5# 0-1

[Event "Bezmerov 2014 - Open A"]
[Site "Bezmerov"]
[Date "2014.07.17"]
[Round "2"]
[White "Gnojek, Petr"]
[Black "Vecera, Dominik"]
[Result "1-0"]
[WhiteElo "1568"]
[BlackElo "1268"]
[LiveChessVersion "1.4.2"]

1. d4 d5 2. c4 e6 3. Nc3 Nf6 4. Nf3 Nbd7 5. e3 c6 6. cxd5 cxd5 7. Bd3 Bd6
8. O-O O-O 9. Qc2 Qc7 10. Nb5 Qb6 11. a4 a5 12. Nxd6 Qxd6 13. b3 b6 14. Ba3 Qb8
15. Bxf8 Nxf8 16. Ne5 Bb7 17. Rac1 N6d7 18. Nxd7 Nxd7 19. Bxh7+ Kf8 20. Qc7 Nf6
21. Bd3 Kg8 22. Qxb6 Ng4 23. g3 g6 24. Rc7 Ra7 25. Bb5 Kg7 26. Bc6 Qh8 27. h4
1-0

[Event "Bezmerov 2014 - Open A"]
[Site "Bezmerov"]
[Date "2014.07.17"]
[Round "2"]
[White "Bastincova, Hana"]
[Black "Demko, Robert"]
[Result "0-1"]
[WhiteElo "1250"]
[BlackElo "1536"]
[LiveChessVersion "1.4.2"]

1. e4 c5 2. Nf3 d6 3. Bc4 Nf6 4. d3 e6 5. Bd2 Be7 6. O-O O-O 7. Nc3 a6 8. Re1
b5 9. Bb3 Bb7 10. Bg5 d5 11. e5 Nfd7 12. Bxe7 Qxe7 13. a3 Nc6 14. Ba2 Rfd8
15. d4 cxd4 16. Nxd4 Ndxe5 17. Nxc6 Nxc6 18. Ne2 Qf6 19. Rb1 Rac8 20. Ng3 Ne7
21. Qg4 Qg6 22. Qxg6 Nxg6 23. Rbd1 Rxc2 24. Bb1 Rxb2 25. Bxg6 hxg6 26. Rc1 Rd7
27. Ne2 Rb3 28. a4 Kf8 29. Nc3 Rc7 30. axb5 Rbxc3 31. Rxc3 Rxc3 32. bxa6 Bxa6
33. g3 d4 34. Rd1 d3 35. Kf1 d2+ 36. Kg1 Rc1 0-1

[Event "Bezmerov 2014 - Open A"]
[Site "Bezmerov"]
[Date "2014.07.17"]
[Round "2"]
[White "Vavrinkova, Eliska"]
[Black "Babula, Vlastimil"]
[Result "1/2-1/2"]
[WhiteElo "1472"]
[BlackElo "1263"]
[LiveChessVersion "1.4.2"]

1. d4 d5 2. Nf3 Nc6 3. Bf4 Nf6 4. c4 e6 5. Nc3 Bb4 6. e3 O-O 7. Bd3 dxc4
8. Bxc4 Ne4 9. Qc2 Nxc3 10. bxc3 Be7 11. O-O Bf6 12. Bd3 h6 13. Rab1 Re8 14. c4
e5 15. dxe5 Nxe5 16. Nxe5 Bxe5 17. Rfd1 Qf6 18. Bxe5 Qxe5 19. Rb5 Qe7 20. Rd5
Bg4 21. Be2 c6 22. R5d4 Bxe2 23. Qxe2 Rad8 24. h3 c5 25. R4d2 Rxd2 26. Rxd2 Rd8
27. Rxd8+ 1/2-1/2

[Event "Bezmerov 2014 - Open A"]
[Site "Bezmerov"]
[Date "2014.07.17"]
[Round "2"]
[White "Fizer, Marek"]
[Black "Mica, Marek"]
[Result "0-1"]
[WhiteElo "1100"]
[BlackElo "1457"]
[LiveChessVersion "1.4.2"]

1. e4 c5 2. d4 cxd4 3. Qxd4 Nc6 4. Qd2 Nf6 5. Nc3 d6 6. Bb5 Bd7 7. Nge2 g6
8. O-O Bg7 9. Qd3 O-O 10. Bg5 Ne5 11. Qe3 Bxb5 12. Nxb5 a6 13. Nbd4 Qd7 14. Bh6
Nfg4 15. Qh3 Nxh6 16. Qxd7 Nxd7 17. Rad1 Ng4 18. h3 Ngf6 19. Nc3 Ne5 20. Nd5
Nxd5 21. exd5 Nd7 22. Rfe1 Rfe8 23. c4 Rac8 24. b3 Nc5 25. Re2 Rc7 26. b4 Nd7
27. Nf3 Rxc4 28. Rde1 Bf6 29. a3 Ne5 30. Nd2 Rc2 31. Ne4 Rxe2 32. Rxe2 Rc8
33. f4 Nd3 34. Nxf6+ exf6 35. Re4 Rc7 36. Kh2 Nb2 37. Kg3 Nc4 38. Kh4 Nxa3
39. f5 Kg7 40. g4 Rc3 41. g5 fxg5+ 42. Kxg5 Rxh3 43. f6+ Kf8 44. Re7 Rh5+
45. Kg4 Rxd5 46. Rxb7 h5+ 47. Kf3 Rf5+ 48. Ke4 Rxf6 49. Kd5 Nc2 50. Rb8+ Kg7
51. Rc8 Nxb4+ 52. Kd4 Rf5 53. Rc1 Rf4+ 54. Ke3 d5 55. Kxf4 Nd3+ 56. Ke3 Nxc1
57. Kd2 Nb3+ 58. Kc3 Nc5 59. Kd4 Ne6+ 60. Kxd5 h4 61. Ke4 a5 62. Kf3 a4 63. Ke3
a3 64. Kd3 a2 65. Kc2 a1=Q 66. Kd3 Qa3+ 67. Ke2 Qg3 68. Kf1 h3 69. Ke2 h2
70. Kf1 h1=R+ 71. Ke2 Rh2+ 72. Kf1 Qf2# 0-1

[Event "Bezmerov 2014 - Open A"]
[Site "Bezmerov"]
[Date "2014.07.17"]
[Round "2"]
[White "Tajovsky, Matej"]
[Black "Vavrinkova, Anna"]
[Result "0-1"]
[WhiteElo "1447"]
[BlackElo "1246"]
[LiveChessVersion "1.4.2"]

1. e4 d5 2. exd5 Qxd5 3. d4 c6 4. c4 Qd6 5. Nc3 Nf6 6. Nge2 Bf5 7. Bf4 Qd8
8. d5 h6 9. h4 e6 10. dxc6 Nxc6 11. Nb5 Bb4+ 12. Nec3 O-O 13. a3 Bc5 14. b4 Be7
15. Nd6 Bxd6 16. Bxd6 Re8 17. c5 Qd7 18. Bb5 Rad8 19. Ba4 b6 20. Qf3 Rc8
21. O-O-O Bg4 22. Qg3 Bxd1 23. Rxd1 Qb7 24. b5 Na5 25. c6 Qa8 26. Kb1 Nc4
27. Bc2 Nxd6 28. Rxd6 Red8 29. Ne4 Nxe4 30. Rxd8+ Rxd8 31. Bxe4 Qc8 32. f4 Qc7
33. Qf3 Qd6 34. Bc2 Qd5 35. Qe2 Qc5 36. Kb2 Qd4+ 37. Kb1 Qxf4 38. Bd3 Qa4
39. Bc2 Qxa3 40. Qe4 Rd5 41. Qe2 Qb4+ 42. Kc1 Qxb5 43. Qf3 Qxc6 44. Qg3 g6
45. Qe3 Rc5 46. Qd3 a5 47. Qd8+ Kh7 48. Qd3 f5 49. g4 a4 50. h5 g5 51. gxf5 exf5
52. Qe2 Qf6 53. Qd3 Qe6 54. Kd2 Rd5 55. Qxd5 Qxd5+ 56. Kc1 Qe5 57. Kb1 a3
58. Bxf5+ Qxf5+ 59. Ka2 g4 0-1

[Event "Bezmerov 2014 - Open A"]
[Site "Bezmerov"]
[Date "2014.07.18"]
[Round "3"]
[White "Gresova, Zuzana"]
[Black "Kures, Michael"]
[Result "1-0"]
[WhiteElo "1581"]
[BlackElo "1382"]
[LiveChessVersion "1.4.2"]

1. e4 e5 2. Nf3 Nc6 3. d4 exd4 4. Nxd4 Nf6 5. Nxc6 bxc6 6. e5 Nd5 7. c4 Nb6
8. Nc3 Bb4 9. Qg4 Rg8 10. Bd3 d5 11. Qf3 Rh8 12. O-O Ba6 13. cxd5 Bxd3 14. Qxd3
Bxc3 15. Qxc3 cxd5 16. e6 f6 17. Qc6+ Ke7 18. Bf4 Rc8 19. Rac1 Na8 20. Rfd1 g5
21. Rxd5 Qe8 22. Rd7+ Kf8 23. Bxg5 fxg5 24. Qc3 Qxe6 25. Qxh8+ Qg8 26. Qf6+ Ke8
1-0

[Event "Bezmerov 2014 - Open A"]
[Site "Bezmerov"]
[Date "2014.07.18"]
[Round "3"]
[White "Vemola, Stepan"]
[Black "Gnojek, Petr"]
[Result "0-1"]
[WhiteElo "1378"]
[BlackElo "1568"]
[LiveChessVersion "1.4.2"]

1. e4 c5 2. Nf3 d6 3. c4 Nf6 4. Nc3 g6 5. g3 Bg7 6. Bg2 O-O 7. O-O Be6 8. d3
Qd7 9. Ng5 Nc6 10. Nxe6 Qxe6 11. Bf4 Nh5 12. Be3 Ne5 13. Nd5 Qd7 14. f4 Nc6
15. Bf3 Nf6 16. Qd2 Rab8 17. f5 Rfe8 18. Bh6 Bh8 19. h4 Nd4 20. h5 Nxf3+
21. Rxf3 Nxh5 22. g4 Nf6 23. Qf4 Nxd5 24. cxd5 Bd4+ 25. Kg2 Be5 26. Qd2 Qb5
27. Rb1 Rec8 28. b3 Qa6 29. d4 cxd4 30. fxg6 hxg6 31. Rbf1 f6 32. g5 Rc3
33. gxf6 Bxf6 34. Rxf6 exf6 35. Rxf6 Qd3 36. Rxg6+ Kh7 37. Rg7+ Kh8 38. Rg8+
Rxg8+ 39. Kf2 Qf3+ 40. Ke1 Rg1# 0-1

[Event "Bezmerov 2014 - Open A"]
[Site "Bezmerov"]
[Date "2014.07.18"]
[Round "3"]
[White "Demko, Robert"]
[Black "Richvalsky, Patrik"]
[Result "1/2-1/2"]
[WhiteElo "1536"]
[BlackElo "1345"]
[LiveChessVersion "1.4.2"]

1. d4 d5 2. c4 e6 3. Nc3 Nf6 4. cxd5 exd5 5. Bg5 c6 6. e3 h6 7. Bh4 Bf5 8. Qb3
Qb6 9. Bxf6 Qxb3 10. axb3 gxf6 11. Nf3 Rg8 12. g3 Nd7 13. Bg2 Bd3 14. Kd2 Bf5
15. Ra2 a6 16. Rc1 Rc8 17. Ne1 Bd6 18. Nd3 h5 19. h4 Ke7 20. Na4 Rge8 21. Ndc5
Nxc5 22. Nxc5 Bxc5 23. Rxc5 Kd6 24. Ra1 Be4 25. Bxe4 Rxe4 26. Re1 f5 27. Kd3 Rg8
28. b4 Ree8 29. Rc2 f6 30. Rce2 Re7 31. Rg1 Kc7 32. f3 Reg7 33. Reg2 Kd6 34. e4
f4 35. g4 dxe4+ 36. Kxe4 hxg4 37. Rxg4 Rxg4 38. Rxg4 Re8+ 39. Kxf4 Re2 40. Kf5
Rf2 41. Rf4 Ke7 42. Kg6 Rg2+ 43. Rg4 Rxb2 44. h5 f5 45. Rg5 Rxb4 46. h6 Rxd4
47. Rh5 Rd6+ 48. Kxf5 Rd5+ 49. Kg6 Rxh5 50. Kxh5 Kf7 51. f4 a5 52. Kg5 a4 53. f5
a3 54. f6 a2 55. h7 a1=Q 56. h8=Q Qg1+ 57. Kf5 Qf2+ 58. Ke5 Qc5+ 59. Kf4 Qd6+
60. Kf5 Qe6+ 61. Kg5 Qe5+ 62. Kg4 Qe4+ 63. Kg3 Qg6+ 64. Kh2 Qxf6 65. Qh7+ Qg7
66. Qf5+ Qf6 67. Qd7+ Qe7 68. Qf5+ Ke8 69. Qc8+ Kf7 70. Qf5+ Kg7 71. Qg4+ Kh6
72. Qf4+ Qg5 73. Qf8+ Qg7 74. Qf4+ Kh7 75. Qf5+ Kh8 76. Qc8+ Kh7 77. Qf5+ Kh6
78. Qf4+ Kg6 79. Qg4+ Kh6 80. Qf4+ Qg5 81. Qf8+ Kh5 82. Qf3+ Qg4 83. Qf7+
1/2-1/2

[Event "Bezmerov 2014 - Open A"]
[Site "Bezmerov"]
[Date "2014.07.18"]
[Round "3"]
[White "Mica, Marek"]
[Black "Jancik, Radim"]
[Result "1-0"]
[WhiteElo "1457"]
[BlackElo "1335"]
[LiveChessVersion "1.4.2"]

1. d4 d5 2. c4 c6 3. Nc3 Nf6 4. Nf3 Bg4 5. Bg5 e6 6. e3 h6 7. Bh4 Bb4 8. Bd3
Bxc3+ 9. bxc3 Nbd7 10. cxd5 cxd5 11. Be2 Rc8 12. Rc1 O-O 13. h3 Bh5 14. O-O Qa5
15. Bxf6 Nxf6 16. Qc2 Bg6 17. Qb2 Rc7 18. Ne5 Bh7 19. c4 Rfc8 20. c5 Nd7
21. Nxd7 Rxd7 22. Rfd1 f6 23. Qb5 Qxb5 24. Bxb5 Rdc7 25. Bd3 Bxd3 26. Rxd3 b6
27. Rdc3 Kf7 28. Kf1 Ke7 29. Ke2 e5 30. Kd2 e4 31. cxb6 Rxc3 32. Rxc3 Rxc3
33. b7 Rd3+ 34. Kc2 Ra3 35. b8=Q Rxa2+ 36. Kb3 Rxf2 37. Qxa7+ Kf8 38. Qc5+ Ke8
39. Qc6+ Ke7 40. Qxd5 f5 41. Qe5+ Kf7 42. d5 Re2 43. Qxf5+ Ke7 44. Qxe4+ Kd6
45. Qb4+ Ke5 46. Qd4+ Kd6 47. Qf4+ Ke7 48. d6+ Kd8 49. Qf8+ Kd7 50. Qe7+ Kc6
51. d7 Re1 52. d8=Q Rb1+ 53. Kc2 1-0

[Event "Bezmerov 2014 - Open A"]
[Site "Bezmerov"]
[Date "2014.07.18"]
[Round "3"]
[White "Vavrinkova, Anna"]
[Black "Koci, Tomas"]
[Result "0-1"]
[WhiteElo "1246"]
[BlackElo "1364"]
[LiveChessVersion "1.4.2"]

1. e4 e6 2. d4 d5 3. e5 c5 4. c3 Nc6 5. Nf3 Bd7 6. Be2 f6 7. Bf4 Qb6 8. b3 cxd4
9. exf6 Nxf6 10. Nxd4 Nxd4 11. Qxd4 Bc5 12. Qe5 Bxf2+ 13. Kf1 O-O 14. Nd2 Ne4
15. Nxe4 dxe4 16. Qxe4 Rxf4 17. Qxf4 Rf8 18. Qxf8+ Kxf8 19. Bf3 Bh4 20. g3 Bf6
21. Rd1 Qc7 22. c4 Bc6 23. Bxc6 Qxc6 24. Rg1 Qf3+ 25. Ke1 Bc3+ 0-1

[Event "Bezmerov 2014 - Open A"]
[Site "Bezmerov"]
[Date "2014.07.18"]
[Round "3"]
[White "Vanduyfhuys, Daria"]
[Black "Pechacek, Tomas"]
[Result "1/2-1/2"]
[WhiteElo "1000"]
[BlackElo "1297"]
[LiveChessVersion "1.4.2"]

1. e4 e5 2. Nf3 Nc6 3. Bc4 Bc5 4. d3 h6 5. Be3 Bxe3 6. fxe3 Nf6 7. Nc3 d6
8. Qe2 Qe7 9. O-O O-O 10. Nd2 Be6 11. h3 Bxc4 12. Nxc4 Qe6 13. Nd2 Ne7 14. Rf3
c6 15. Raf1 Nh7 16. Rg3 Ng6 17. Qg4 Qxg4 18. Rxg4 Nf6 19. Rg3 Nh5 20. Rgf3 Rae8
21. Ne2 Re6 22. Kh2 Rf6 23. Rxf6 Nxf6 24. Ng3 Re8 25. Rf2 Re6 26. Nf5 Ne7
27. Nf1 Kh7 28. N1g3 Nfg8 1/2-1/2

[Event "Bezmerov 2014 - Open A"]
[Site "Bezmerov"]
[Date "2014.07.18"]
[Round "3"]
[White "Machacek, Lukas"]
[Black "Slaba, Andrea"]
[Result "1/2-1/2"]
[WhiteElo "1201"]
[BlackElo "1331"]
[LiveChessVersion "1.4.2"]

1. e4 Nf6 2. Nc3 d5 3. exd5 Nxd5 4. Nxd5 Qxd5 5. Nf3 Qd8 6. Bc4 e6 7. O-O Be7
8. d4 O-O 9. Bf4 Nc6 10. Qd2 Bd6 11. Bxd6 Qxd6 12. Rad1 Rd8 1/2-1/2

[Event "Bezmerov 2014 - Open A"]
[Site "Bezmerov"]
[Date "2014.07.18"]
[Round "3"]
[White "Vanduyfhuys, Ilja"]
[Black "Vavrinkova, Eliska"]
[Result "0-1"]
[WhiteElo "1000"]
[BlackElo "1472"]
[LiveChessVersion "1.4.2"]

1. e4 d5 2. exd5 Qxd5 3. Nc3 Qd6 4. d4 c6 5. d5 Nf6 6. dxc6 Qxd1+ 7. Nxd1 Nxc6
8. Bf4 e5 9. Bg5 Ne4 10. Be3 f5 11. Nc3 Nxc3 12. bxc3 Be6 13. f4 e4 14. Nh3 h6
15. Bb5 Bd7 16. O-O Be7 17. Bd4 Nxd4 18. Bxd7+ Kxd7 19. cxd4 Rac8 20. Rab1 b6
21. Rfc1 Ba3 22. Rd1 Rxc2 23. Nf2 Rhc8 24. h4 Rc1 25. Rdxc1 Rxc1+ 26. Rxc1 Bxc1
27. Kf1 Bxf4 28. Nh3 Be3 29. Ke2 Bxd4 30. h5 a5 31. Ng1 Bxg1 32. g4 fxg4 33. Kf1
Bc5 34. Kg2 e3 35. Kf1 g3 36. Ke2 g2 0-1

[Event "Bezmerov 2014 - Open A"]
[Site "Bezmerov"]
[Date "2014.07.18"]
[Round "4"]
[White "Koci, Tomas"]
[Black "Gresova, Zuzana"]
[Result "0-1"]
[WhiteElo "1364"]
[BlackElo "1581"]
[LiveChessVersion "1.4.2"]

1. d4 d5 2. Nf3 Nf6 3. e3 e6 4. Bd3 c5 5. b3 b6 6. Bb2 Bb7 7. O-O Nbd7 8. Nbd2
Bd6 9. Ne5 Ne4 10. f3 Nxd2 11. Qxd2 O-O 12. f4 f6 13. Nxd7 Qxd7 14. Rf3 c4
15. Be2 Rac8 16. c3 b5 17. Bd1 a5 18. Bc2 b4 19. bxc4 dxc4 20. Rh3 f5 21. Re1 g6
22. g3 Bf3 23. e4 Bg4 24. Rh4 Be7 25. Rxg4 fxg4 26. d5 Rcd8 27. Qd4 Qc7 28. Kh1
Bf6 29. Qe3 Bxc3 30. Bxc3 bxc3 31. Qxc3 exd5 32. exd5 Rxd5 33. Bb3 Rc8 34. Re4
cxb3 35. Re8+ Rxe8 0-1